MCA Entrance Examinations / (Record no. 214988)
[ view plain ]
| 000 -LEADER | |
|---|---|
| fixed length control field | 00605nam a22001817a 4500 |
| 005 - DATE AND TIME OF LATEST TRANSACTION | |
| control field | 20260311114323.0 |
| 010 ## - LCCN (DPL NO) | |
| LC control number | BACEN26 |
| 020 ## - INTERNATIONAL STANDARD BOOK NUMBER | |
| International Standard Book Number | 9789364689618 |
| Terms of availability | 1099.00 |
| 037 ## - SOURCE OF ACQUISITION | |
| Source of stock number/acquisition | S Chand and Company Limited |
| 082 ## - DEWEY DECIMAL CLASSIFICATION NUMBER | |
| Classification number | 000 |
| 100 ## - MAIN ENTRY--PERSONAL NAME | |
| Personal name | Grover, Sudhir |
| 245 ## - TITLE STATEMENT | |
| Title | MCA Entrance Examinations / |
| Statement of responsibility, etc | Sudhir Grover [and] Arpana Grover |
| 260 ## - PUBLICATION, DISTRIBUTION, ETC. (IMPRINT) | |
| Place of publication, distribution, etc | New Delhi |
| Name of publisher, distributor, etc | S Chand and Company Limited |
| Date of publication, distribution, etc | 2025 |
| 270 ## - ADDRESS | |
| Address | A-27,2nd floor Mohan Co-Operative Industrial Estate |
| City | New Delhi |
| Postal code | 110044 |
| 300 ## - PHYSICAL DESCRIPTION | |
| Extent | 1053p. |
| Dimensions | 27cm(pb) |
| 700 ## - ADDED ENTRY--PERSONAL NAME | |
| Personal name | Grover, Arpana |
| 9 (RLIN) | 87496 |
| 942 ## - ADDED ENTRY ELEMENTS (KOHA) | |
| Source of classification or shelving scheme | Dewey Decimal Classification |
| Item type | English Books |
| Classification part | 000 |
| Call number suffix | GRO |
No items available.
